|
|
|
|
| LEADER |
00000nam a2200000 a 4500 |
| 001 |
vtls008942672 |
| 003 |
SK-MaSNL |
| 005 |
20260301170116.0 |
| 008 |
070205s2003 xo ol f 000 0 cze |
| 015 |
|
|
|a SNBA2007/03-00925
|
| 020 |
|
|
|a 8007112197
|q (viaz.)
|
| 040 |
|
|
|a SNK
|b slo
|c SNK
|e AACR2
|
| 041 |
1 |
|
|a cze
|h slo
|
| 044 |
|
|
|a xo
|c SK
|
| 072 |
|
7 |
|a 636
|x Živočíšna výroba
|2 konspekt
|
| 080 |
|
|
|a 636.32/.38
|2 2001
|
| 080 |
|
|
|a 636.39
|2 2001
|
| 080 |
|
|
|a 636.08
|2 2001
|
| 080 |
|
|
|a (035)
|2 2001
|
| 100 |
1 |
|
|a Ochodnický, Dušan,
|d 1939-
|4 aut
|9 99242
|
| 240 |
1 |
0 |
|a Ovce, kozy a ošípané
|l Česky
|
| 245 |
1 |
0 |
|a Ovce, kozy a prasata
|c Dušan Ochodnický, Ján Poltársky ; [přeložili: Ladislav Štolc, Miloslav Pour]
|
| 250 |
|
|
|a 1. vyd.
|
| 260 |
|
|
|a Bratislava
|b Príroda
|c 2003
|
| 300 |
|
|
|a 104 s.
|b fareb. fotogr., sch., tab.
|c 21 cm
|
| 490 |
1 |
|
|a Domácí chov
|
| 500 |
|
|
|a Rozlož. fareb. fotogr. na tit. strane
|
| 500 |
|
|
|a Preložené zo slovenčiny
|
| 504 |
|
|
|a Bibliogr. s. 104
|
| 650 |
0 |
7 |
|a ovce
|2 SNKPH
|9 14971
|
| 650 |
0 |
7 |
|a kozy
|2 SNKPH
|9 16130
|
| 650 |
0 |
7 |
|a ošípané
|2 SNKPH
|9 2795
|
| 655 |
|
7 |
|a príručky
|2 SNKPH
|9 74364
|
| 700 |
1 |
|
|a Poltársky, Ján
|4 aut
|9 5346
|
| 700 |
1 |
|
|a Štolc, Ladislav
|4 trl
|9 535829
|
| 700 |
1 |
|
|a Pour, Miloslav,
|d 1939-
|4 trl
|9 99243
|
| 830 |
|
0 |
|a Domácí chov
|9 403288
|
| 919 |
|
|
|a 80-07-11219-7
|
| 958 |
|
|
|a OP
|
| 958 |
|
|
|a NB
|
| 958 |
|
|
|a OND
|
| 968 |
|
|
|a Čes
|b SLO
|d 63
|
| 999 |
|
|
|c 826537
|d 828467
|
| 952 |
|
|
|a SNK
|b SNK
|y PREZ
|7 0
|p 17A0539171
|o snkSC 126562
|i snk2007/3244
|8 0
|0 0
|1 0
|4 0
|d 2007-02-05
|l 0
|r 2025-06-11 00:00:00
|w 2026-02-24
|
| 952 |
|
|
|a SNK
|b SNK
|y VYP
|7 0
|p 17A0539172
|o snkSC 126562 D1
|i snk2007/3245
|8 0
|0 0
|1 0
|4 0
|d 2007-02-05
|l 0
|r 2026-02-24 03:24:06
|w 2026-02-24
|